| 000 | aam a22 a 4500 | ||
|---|---|---|---|
| 999 |
_c3886 _d3886 |
||
| 003 | AKMAL | ||
| 005 | 20170524115920.0 | ||
| 008 | 870211s1985 my a00 may d | ||
| 039 | 9 |
_a200804251243 _brfid1 _c200604191659 _dmarzihan |
|
| 040 |
_aAKMAL _cAKMAL |
||
| 049 | 0 | 0 | _aklpmal |
| 082 | 0 | 4 |
_a901 COL _221 |
| 090 | 0 | 0 |
_a901 _bCOL |
| 090 | 2 | 0 |
_a901 _bCOL |
| 100 | 1 |
_aCollingwood, R.G. _97665 |
|
| 245 | 1 | 0 |
_aIdea sejarah / _cR.G. Collingwood ; terjemahan Muhd. Yusof Ibrahim, suntingan Abdullah Hassan |
| 260 |
_aKuala Lumpur : _bDewan Bahasa dan Pustaka , _c1985 |
||
| 300 | 0 | 0 |
_ali, 429ms. ; _c22cm. |
| 500 | _aTerjemahan dari: The idea of history. London ; Oxford University Press , 1980 | ||
| 650 | 0 |
_aHistory _xStudy and teaching _97666 |
|
| 700 | 0 |
_aMuhd. Muhd. Yusof Ibrahim, _etr. _97667 |
|
| 942 |
_2ddc _cBOOK |
||